000
00268nam a2200109Ia 4500
008
190216s9999||||xx |||||||||||||| ||und||
100
_a
Dick A Leabo
245
0
_a
Basic Statistics
260
_b
Oxford And Ibh Publishing Co. Pvt Ltd
650
_a
Statistics
942
_c
BK
999
_c
5070
_d
5070